Fossils / (Record no. 11133)
[ view plain ]
| 000 -LEADER | |
|---|---|
| fixed length control field | 00572nam a22002177a 4500 |
| 001 - CONTROL NUMBER | |
| control field | 11133 |
| 003 - CONTROL NUMBER IDENTIFIER | |
| rucl marc code | BD-RjUL |
| 005 - DATE AND TIME OF LATEST TRANSACTION | |
| control field | 20211208235057.0 |
| 008 - FIXED-LENGTH DATA ELEMENTS--GENERAL INFORMATION | |
| fixed length control field | 140126s2003 ii ||||| |||| 00| 0 eng d |
| 020 ## - INTERNATIONAL STANDARD BOOK NUMBER | |
| International Standard Book Number | 8171417221 |
| 035 ## - SYSTEM CONTROL NUMBER | |
| System control number | (BD-RjUL)11182 |
| 040 ## - CATALOGING SOURCE | |
| Original cataloging agency | BD-RjUL |
| Language of cataloging | eng |
| Transcribing agency | BD-RjUL |
| Modifying agency | BD-RjUL |
| 041 ## - LANGUAGE CODE | |
| Language code of text/sound track or separate title | eng |
| 082 04 - DEWEY DECIMAL CLASSIFICATION NUMBER | |
| Classification number | 567.937 |
| Author mark and year | YAF 2003. |
| 100 1# - MAIN ENTRY--PERSONAL NAME | |
| Personal name | Yadav, p.r |
| 9 (RLIN) | 34437 |
| 245 10 - TITLE STATEMENT | |
| Title | Fossils / |
| Statement of responsibility, etc. | By dr. p.r. Yadav |
| 260 ## - PUBLICATION, DISTRIBUTION, ETC. (IMPRINT) | |
| Place of publication, distribution, etc. | New Delhi: |
| Name of publisher, distributor, etc. | Discovery Publishing house. |
| Date of publication, distribution, etc. | 2003. |
| 300 ## - PHYSICAL DESCRIPTION | |
| Pagination | 318p.: |
| Illustrations | ills. |
| Size | 21 cm. |
| 650 #0 - SUBJECT ADDED ENTRY--TOPICAL TERM | |
| Topical term or geographic name as entry element | Fossils. |
| 9 (RLIN) | 34438 |
| 942 ## - ADDED ENTRY ELEMENTS (KOHA) | |
| Source of classification or shelving scheme | Dewey Decimal Classification |
| Koha item type | Books |
| Lost status | Source of classification or shelving scheme | Damaged status | Not for loan | Collection code | Permanent Location | Current Location | Shelving location | Date acquired | Source of acquisition | Cost, normal purchase price | Total Checkouts | Full call number | Date last seen | Date checked out | Copy number | Koha item type |
|---|---|---|---|---|---|---|---|---|---|---|---|---|---|---|---|---|
| Dewey Decimal Classification | Non-fiction | Central Library, University of Rajshahi | Central Library, University of Rajshahi | 19/10/2005 | Parahon Enter Prise Ltd | 650.00 | 1 | 567.937 YAF 2003. | 06/03/2023 | 07/12/2022 | C-2 | Books | ||||
| Dewey Decimal Classification | Not For Loan | Non-fiction | Central Library, University of Rajshahi | Central Library, University of Rajshahi | Reading Room | 19/10/2005 | Paragon Ent. | 650.00 | 567.937 YAF 2003. | 18/04/2017 | C-1 | Books |